| 000 | 01213cam a22001934a 4500 | ||
|---|---|---|---|
| 005 | 20250605164002.0 | ||
| 008 | 250528s ||||||||||||||||||||||||d | ||
| 035 | _a15667 | ||
| 020 | _a1861522053 | ||
| 040 |
_aGR-AtMCL _bgre _dGR-AtMCL _eAACR2 |
||
| 245 | 1 | _aFinancial Derivatives / Hedging with Futures, Forwards, Options and Swaps | |
| 260 |
_bInternational Thomson Business Press, _c1995 |
||
| 300 | _a304 | ||
| 520 | _aThis book introduces the role of financial derivatives - futures, forwards, options and swaps - in treasury risk management. Acknowledgements, Introduction, The Nature of Currency Exposure, Internal Hedging Techniques, Currency Borrowing or Currency Deposits, The Foreign Exchange Market, Forward Exchange Contracts, Interest Rate Risk Exposure, Forward/ Forwards, Forward or Future Rate Agreements (FRAs), An Introduction to Futures, Interest Rate Futures, Currency Futures, Advanced Futures Concepts, An Introduction to Traded Options, Currency Options, Interest Rate Options, Option Pricing, Interest Rate Swaps, Currency Swaps, Summary and Conclusions, Postscript - Barings Bank, Index. | ||
| 700 | 1 |
_aWinstone David _91632 |
|
| 942 | _cBK | ||
| 999 |
_c1230 _d1230 |
||